<?xml version="1.0" encoding="UTF-8"?>
<record
    xmlns:xsi="http://www.w3.org/2001/XMLSchema-instance"
    xsi:schemaLocation="http://www.loc.gov/MARC21/slim http://www.loc.gov/standards/marcxml/schema/MARC21slim.xsd"
    xmlns="http://www.loc.gov/MARC21/slim">

  <leader>01521nam a22002297a 4500</leader>
  <controlfield tag="005">20210414114653.0</controlfield>
  <controlfield tag="008">120717t        xxu||||| |||| 00| 0 eng d</controlfield>
  <datafield tag="020" ind1=" " ind2=" ">
    <subfield code="a">0072908017</subfield>
  </datafield>
  <datafield tag="050" ind1=" " ind2=" ">
    <subfield code="a">QP34.5.V22</subfield>
  </datafield>
  <datafield tag="100" ind1=" " ind2=" ">
    <subfield code="a">Vander, Arthur</subfield>
  </datafield>
  <datafield tag="245" ind1=" " ind2=" ">
    <subfield code="a">Human physiology : the mechanisms of body function. /</subfield>
    <subfield code="c">Arthur Vander, James Sherman and Dorothy Luciano</subfield>
  </datafield>
  <datafield tag="250" ind1=" " ind2=" ">
    <subfield code="a">8th ed.</subfield>
  </datafield>
  <datafield tag="260" ind1=" " ind2=" ">
    <subfield code="a">Boston:</subfield>
    <subfield code="b">McGra-Hill,</subfield>
    <subfield code="c">2001.</subfield>
  </datafield>
  <datafield tag="300" ind1=" " ind2=" ">
    <subfield code="a"> xxxvii, 800 p. : </subfield>
    <subfield code="b">col. ill. ;</subfield>
    <subfield code="c">29 cm.</subfield>
  </datafield>
  <datafield tag="500" ind1=" " ind2=" ">
    <subfield code="a">Includes answers, glossary, and index.</subfield>
  </datafield>
  <datafield tag="505" ind1=" " ind2=" ">
    <subfield code="a">Contents: A framework for human physiology  Part One Basic cell functions: Chemical composition of the body -- Cell structure -- Protein activity and cellular metabolism --Genetic information and protein synthesis -- Movement of molecules across cell membranes --   Part Two  Biological control systems: Homeostastic mechanisms ad cellular communication -- Neural control mechanisms -- The sensory systems -- Principles of hormonal control systems -- Muscle -- Control of body movement -- Consciousness and behavior --   Part Three Coordinated body functions: Circulation -- Respiration -- The kidneys and regulation of water and inorganic ions -- The digestion and absorption of food -- Regulation of organic metabolism, growth, and energy balance -- Reproduction -- Defense mechanisms of the body --     </subfield>
  </datafield>
  <datafield tag="650" ind1=" " ind2=" ">
    <subfield code="a">Human physiology.</subfield>
  </datafield>
  <datafield tag="700" ind1=" " ind2=" ">
    <subfield code="a">Sherman, James </subfield>
  </datafield>
  <datafield tag="700" ind1=" " ind2=" ">
    <subfield code="a">Luciano, Dorothy</subfield>
  </datafield>
  <datafield tag="856" ind1=" " ind2=" ">
    <subfield code="u">http://www.mhhe.com/biosci/ap/vander8e</subfield>
  </datafield>
  <datafield tag="942" ind1=" " ind2=" ">
    <subfield code="2">lcc</subfield>
    <subfield code="c">BK</subfield>
  </datafield>
  <datafield tag="999" ind1=" " ind2=" ">
    <subfield code="c">7253</subfield>
    <subfield code="d">14753</subfield>
  </datafield>
  <datafield tag="952" ind1=" " ind2=" ">
    <subfield code="0">0</subfield>
    <subfield code="1">0</subfield>
    <subfield code="2">lcc</subfield>
    <subfield code="4">0</subfield>
    <subfield code="7">0</subfield>
    <subfield code="a">WIUC-KL</subfield>
    <subfield code="b">WIUC-KL</subfield>
    <subfield code="c">NURS L.</subfield>
    <subfield code="d">2019-06-26</subfield>
    <subfield code="e">STM</subfield>
    <subfield code="o">QP34.5.V22(8e)</subfield>
    <subfield code="p">KSN/132/19</subfield>
    <subfield code="r">2020-05-15 00:00:00</subfield>
    <subfield code="w">2020-05-15</subfield>
    <subfield code="y">BK</subfield>
  </datafield>
</record>
